[Event "POR-ch U18"]
[Site "Luso"]
[Date "2016.07.24"]
[Round "7"]
[White "Antunes, Paulo Duarte Correi"]
[Black "Bastos, Ana Raquel da Costa"]
[Result "0-1"]
[WhiteElo "1346"]
[BlackElo "1650"]
[PlyCount "130"]
[EventDate "2016.07.20"]
[EventType "swiss"]
[EventRounds "7"]
[EventCountry "POR"]
[SourceTitle "EXT 2018"]
[Source "ChessBase"]
[SourceDate "2017.10.13"]
[SourceVersion "1"]
[SourceVersionDate "2017.10.13"]
[SourceQuality "1"]

1. e4 c5 2. Nf3 Nc6 3. Bb5 g6 4. 0-0 Bg7 5. c3 Nf6 6. Re1 0-0 7. d4 cxd4 8. cxd4 d5 9. e5 Ne8 10. Bf4 Qb6 11. Nc3 Nc7 12. Bxc6 Qxc6 13. h3 Ne6 14. Qd2 Nxf4 15. Qxf4 h6 16. Qd2 Be6 17. Rac1 Qd7 18. Qf4 Rac8 19. Ne2 Rxc1 20. Rxc1 Rc8 21. Qd2 Rxc1+ 22. Qxc1 Qc8 23. Qc5 Qxc5 24. dxc5 Bd7 25. Ned4 e6 26. b4 a6 27. Kf1 Kf8 28. Ke1 Ke8 29. Kd2 Kd8 30. Kd3 Kc7 31. a3 b6 32. Nb3 Bb5+ 33. Kd4 Bf1 34. cxb6+ Kxb6 35. Ne1 Kb5 36. Nc5 Bf8 37. h4 a5 38. Nd7 Be7 39. bxa5 Bxh4 40. g3 Be7 41. Nc2 Kxa5 42. f4 Bb5 43. Nc5 Kb6 44. Nd3 Ba4 45. Ncb4 Kb5 46. Kc3 Bd1 47. Nb2 Ba4 48. N2d3 Kb6 49. Nb2 Bd7 50. a4 Ka5 51. N2d3 Bxa4 52. g4 Kb6 53. Nf2 Bc5 54. Nbd3 Be3 55. Nh3 Kb5 56. Nb2 d4+ 57. Kd3 Bb3 58. Ke2 Bc1 59. Nd3 Bc4 60. Kd1 Be3 61. Kc2 Kc6 62. g5 h5 63. Nhf2 Bxd3+ 64. Nxd3 Kd5 65. Ne1 Bxf4 0-1

[Event "Madeira AEJ op 11th"]
[Site "Sao Joao da Madeira"]
[Date "2014.10.11"]
[Round "6"]
[White "Bastos, Ana Raquel da Costa"]
[Black "Azevedo, Paulo Jorge"]
[Result "1-0"]
[WhiteElo "1661"]
[BlackElo "1853"]
[PlyCount "92"]
[EventDate "2014.10.04"]
[EventType "swiss"]
[EventRounds "7"]
[EventCountry "POR"]
[SourceTitle "EXT 2018"]
[Source "ChessBase"]
[SourceDate "2017.10.13"]
[SourceVersion "1"]
[SourceVersionDate "2017.10.13"]
[SourceQuality "1"]

1. e4 d6 2. Nf3 Nf6 3. Nc3 g6 4. d4 Bg7 5. h3 c6 6. Bd3 0-0 7. 0-0 Nbd7 8. Ne2 Qc7 9. Ng3 e5 10. dxe5 dxe5 11. c3 Nb6 12. Qe2 Be6 13. Ng5 Rfe8 14. Nxe6 Rxe6 15. Rd1 Rd8 16. Bg5 Rd7 17. Qf3 Ne8 18. Bc2 Red6 19. Bb3 Rxd1+ 20. Rxd1 Rxd1+ 21. Qxd1 Qd6 22. Qf3 Qd7 23. Nf1 Nc7 24. Be3 Ne6 25. Nh2 Qe7 26. Ng4 Nc8 27. Nh6+ Kf8 28. Nxf7 Ke8 29. Nh6 b6 30. Ng8 Qf7 31. Qxf7+ Kxf7 32. Bg5 a5 33. Nh6+ Bxh6 34. Bxh6 Ke7 35. Be3 Kd6 36. Kf1 Nc5 37. Bc2 b5 38. g3 Ne7 39. f4 exf4 40. gxf4 a4 41. b3 axb3 42. axb3 Nd7 43. Bd3 Nc5 44. Bc2 Nd7 45. Bd1 Nc5 46. e5+ Kd5 1-0

[Event "POR-ch U16"]
[Site "Luso"]
[Date "2014.07.27"]
[Round "7"]
[White "Silva, Mariana Sofia Teixe"]
[Black "Bastos, Ana Raquel da Costa"]
[Result "1-0"]
[WhiteElo "1622"]
[BlackElo "1655"]
[PlyCount "103"]
[EventDate "2014.07.23"]
[EventType "swiss"]
[EventRounds "7"]
[EventCountry "POR"]
[SourceTitle "EXT 2015"]
[Source "ChessBase"]
[SourceDate "2014.11.20"]
[SourceVersion "1"]
[SourceVersionDate "2014.11.20"]
[SourceQuality "1"]

1. e4 c5 2. Nc3 Nc6 3. g3 g6 4. Bg2 Bg7 5. d3 e6 6. f4 d6 7. Nf3 Nge7 8. 0-0 0-0 9. Be3 Nd4 10. e5 Nef5 11. Bf2 Rb8 12. Ne4 b6 13. Nxd4 cxd4 14. g4 dxe5 15. gxf5 exf5 16. Nd2 exf4 17. Be1 Qc7 18. Nf3 h6 19. Bd2 g5 20. Ne1 Be5 21. Qh5 Bg7 22. Rc1 Qd6 23. a3 Qe6 24. Qf3 Re8 25. Qf2 Bd7 26. Nf3 Qe2 27. Qxe2 Rxe2 28. Rce1 Re6 29. Rxe6 fxe6 30. Re1 Re8 31. Ne5 Bxe5 32. Rxe5 Kf7 33. c3 dxc3 34. bxc3 Kf6 35. d4 Rc8 36. Bf1 h5 37. c4 Rc7 38. Kf2 Bc8 39. Bc3 Kf7 40. d5 exd5 41. Rxd5 Be6 42. Be5 Rc8 43. Rd4 Ke7 44. h4 g4 45. Bxf4 Kf6 46. Bg3 Bf7 47. Bd3 Be6 48. Ke3 Rf8 49. Kf4 Rg8 50. Rd6 Ke7 51. Ke5 Rf8 52. Rxe6+ 1-0

[Event "POR-ch U16"]
[Site "Luso"]
[Date "2014.07.24"]
[Round "3"]
[White "Dias, Ivo Rodrigues"]
[Black "Bastos, Ana Raquel da Costa"]
[Result "1-0"]
[WhiteElo "1995"]
[BlackElo "1655"]
[PlyCount "119"]
[EventDate "2014.07.23"]
[EventType "swiss"]
[EventRounds "7"]
[EventCountry "POR"]
[SourceTitle "EXT 2015"]
[Source "ChessBase"]
[SourceDate "2014.11.20"]
[SourceVersion "1"]
[SourceVersionDate "2014.11.20"]
[SourceQuality "1"]

1. e4 c5 2. b3 Nc6 3. Bb2 d6 4. Bb5 Bd7 5. f4 e6 6. Nf3 Nf6 7. Qe2 g6 8. e5 dxe5 9. Bxc6 Bxc6 10. Nxe5 Rc8 11. Nxc6 Rxc6 12. Qb5 Bg7 13. Qxb7 Qb6 14. Qxb6 axb6 15. 0-0 0-0 16. Nc3 Rd8 17. Rad1 Rcd6 18. Bc1 Ng4 19. Nb5 R6d7 20. Rfe1 Ra8 21. h3 Nf6 22. a3 Nd5 23. g3 Ra5 24. a4 Nb4 25. Na3 Ra8 26. d3 Rb8 27. Bd2 Nc6 28. Be3 Nb4 29. Re2 Nd5 30. Bd2 Ra7 31. Be1 Bd4+ 32. Kh1 Bg7 33. Kg2 Kf8 34. Kf3 Rba8 35. c4 Ne7 36. Nb5 Rd7 37. Bf2 Nc6 38. Red2 Rad8 39. g4 Na5 40. b4 Nxc4 41. bxc5 Nxd2+ 42. Rxd2 bxc5 43. Bxc5+ Ke8 44. d4 Bf8 45. Bb6 Rc8 46. a5 Be7 47. Ra2 Rb7 48. Ke4 Kd7 49. f5 Ra8 50. Nc3 Bb4 51. Na4 Ke7 52. Rb2 Bxa5 53. Bc5+ Kf6 54. Rxb7 gxf5+ 55. gxf5 Bd8 56. Nb6 Bxb6 57. Rxb6 Ra2 58. fxe6 fxe6 59. d5 Re2+ 60. Be3 1-0

[Event "St Joao da Madeira op 10th"]
[Site "Sao Joao da Madeira"]
[Date "2013.10.06"]
[Round "4.12"]
[White "Bastos, Ana Raquel da Costa"]
[Black "Pintor, Simao Maciel Abranc"]
[Result "0-1"]
[WhiteElo "1623"]
[BlackElo "1921"]
[PlyCount "104"]
[EventDate "2013.10.05"]
[EventType "swiss"]
[EventRounds "7"]
[EventCountry "POR"]
[SourceTitle "EXT 2015"]
[Source "ChessBase"]
[SourceDate "2014.11.20"]
[SourceVersion "1"]
[SourceVersionDate "2014.11.20"]
[SourceQuality "1"]

1. e4 c5 2. Nf3 d6 3. Bb5+ Bd7 4. Bxd7+ Qxd7 5. c4 Nc6 6. d4 cxd4 7. Nxd4 Nf6 8. Nc3 g6 9. f3 Bg7 10. Be3 0-0 11. 0-0 Rfc8 12. b3 Ne5 13. Qd2 a5 14. a4 Qd8 15. Rab1 Nfd7 16. Nd5 Nc5 17. Bg5 f6 18. Be3 Kf7 19. Nb5 Ra6 20. Rfd1 h5 21. Nf4 Bh6 22. Kf1 Qh8 23. Qd5+ Kg7 24. Ne6+ Nxe6 25. Bxh6+ Kxh6 26. Qxe6 Qf8 27. Nc3 f5 28. exf5 Qxf5 29. Qxe7 Nxf3 30. Qe3+ Ng5+ 31. Kg1 Qc5 32. Nd5 Qxe3+ 33. Nxe3 Ne4 34. Nd5 Rf8 35. Rb2 Raa8 36. Re1 Nc5 37. Re3 Rf7 38. Rf2 Raf8 39. Rxf7 Rxf7 40. g3 Rf5 41. Rc3 g5 42. Kg2 g4 43. Nf4 h4 44. Kg1 hxg3 45. hxg3 Ne4 46. Rd3 Rf6 47. Kg2 Kg5 48. Rd5+ Rf5 49. Rxf5+ Kxf5 50. Nd3 Nc5 51. Ne1 Ke4 52. Kf2 Nd3+ 0-1

[Event "St Joao da Madeira op 10th"]
[Site "Sao Joao da Madeira"]
[Date "2013.10.05"]
[Round "2.22"]
[White "Bastos, Ana Raquel da Costa"]
[Black "Santos, Hugo Manuel Leitao"]
[Result "1-0"]
[WhiteElo "1623"]
[BlackElo "1412"]
[PlyCount "35"]
[EventDate "2013.10.05"]
[EventType "swiss"]
[EventRounds "7"]
[EventCountry "POR"]
[SourceTitle "EXT 2015"]
[Source "ChessBase"]
[SourceDate "2014.11.20"]
[SourceVersion "1"]
[SourceVersionDate "2014.11.20"]
[SourceQuality "1"]

1. e4 c5 2. Nf3 Nc6 3. Bb5 Qb6 4. Nc3 e6 5. 0-0 Bd6 6. d3 Bb8 7. Bc4 Nge7 8. Bb3 Qc7 9. Ne2 0-0 10. Bf4 e5 11. Be3 d6 12. Ng3 Bg4 13. h3 Bxf3 14. Qxf3 h6 15. Nh5 Ng6 16. c3 Kh8 17. Bxh6 gxh6 18. Qf6+ 1-0

[Event "St Joao da Madeira op 10th"]
[Site "Sao Joao da Madeira"]
[Date "2013.10.05"]
[Round "1.1"]
[White "Pinho, Paulo Miguel"]
[Black "Bastos, Ana Raquel da Costa"]
[Result "1-0"]
[WhiteElo "2272"]
[BlackElo "1623"]
[PlyCount "33"]
[EventDate "2013.10.05"]
[EventType "swiss"]
[EventRounds "7"]
[EventCountry "POR"]
[SourceTitle "EXT 2015"]
[Source "ChessBase"]
[SourceDate "2014.11.20"]
[SourceVersion "1"]
[SourceVersionDate "2014.11.20"]
[SourceQuality "1"]

1. d4 Nf6 2. c4 e6 3. Nf3 Bb4+ 4. Nc3 b6 5. Bg5 h6 6. Bh4 Bb7 7. e3 0-0 8. Bd3 c5 9. 0-0 cxd4 10. exd4 Nc6 11. d5 exd5 12. cxd5 Na5 13. Ne4 Bxd5 14. Nxf6+ gxf6 15. Nd4 Be6 16. Qf3 Be7 17. Nf5 1-0

[Event "Gaia Profigaia op 6th"]
[Site "Vila Nova de Gaia"]
[Date "2013.07.11"]
[Round "8.16"]
[White "Fernandes, Afonso Sampaio SP"]
[Black "Bastos, Ana Raquel da Costa"]
[Result "1-0"]
[WhiteElo "1781"]
[BlackElo "1620"]
[PlyCount "75"]
[EventDate "2013.07.06"]
[EventType "swiss"]
[EventRounds "9"]
[EventCountry "POR"]
[SourceTitle "EXT 2015"]
[Source "ChessBase"]
[SourceDate "2014.11.20"]
[SourceVersion "1"]
[SourceVersionDate "2014.11.20"]
[SourceQuality "1"]

1. e4 c5 2. Nf3 Nc6 3. d4 cxd4 4. Nxd4 g6 5. c4 Nf6 6. Nc3 d6 7. Be2 Bg7 8. Be3 0-0 9. 0-0 Nxd4 10. Bxd4 Be6 11. Qd2 Qa5 12. Rad1 Rac8 13. b3 a6 14. Bxf6 Bxf6 15. Nd5 Qxd2 16. Nxf6+ exf6 17. Rxd2 Rc6 18. Rfd1 Rd8 19. f4 Kf8 20. e5 fxe5 21. fxe5 Ke7 22. Bf3 Rb6 23. c5 Rb5 24. exd6+ Ke8 25. c6 bxc6 26. Bxc6+ Bd7 27. Bxb5 Bxb5 28. a4 Bd7 29. Kf2 Be6 30. b4 Bb3 31. Re1+ Kf8 32. b5 Bxa4 33. bxa6 Bc6 34. a7 Rd7 35. Rc2 Bd5 36. Rc8+ Kg7 37. Rd1 Be4 38. Rd4 1-0

[Event "Gaia Profigaia op 6th"]
[Site "Vila Nova de Gaia"]
[Date "2013.07.09"]
[Round "6.19"]
[White "Costa, Andre"]
[Black "Bastos, Ana Raquel da Costa"]
[Result "0-1"]
[WhiteElo "1436"]
[BlackElo "1620"]
[PlyCount "116"]
[EventDate "2013.07.06"]
[EventType "swiss"]
[EventRounds "9"]
[EventCountry "POR"]
[SourceTitle "EXT 2015"]
[Source "ChessBase"]
[SourceDate "2014.11.20"]
[SourceVersion "1"]
[SourceVersionDate "2014.11.20"]
[SourceQuality "1"]

1. c4 Nf6 2. Nc3 e6 3. g3 d5 4. cxd5 exd5 5. Bg2 c6 6. d3 Bd6 7. Nf3 0-0 8. 0-0 Bf5 9. a3 h6 10. Bd2 Re8 11. b4 Nbd7 12. Rc1 Nb6 13. Na4 Nxa4 14. Qxa4 Rxe2 15. Be3 Bxd3 16. Rfd1 Bb5 17. Qb3 Bc4 18. Qc3 Ng4 19. Nd4 Nxe3 20. fxe3 Be5 21. Bf1 Rxh2 22. Nxc6 Qf6 23. Qe1 Rh5 24. Nxe5 Qxe5 25. Bxc4 dxc4 26. Rxc4 Qe6 27. Rf4 Qh3 28. Rh4 Rxh4 29. gxh4 Re8 30. Rd3 Qf5 31. Qe2 Qf6 32. Qf2 Qxf2+ 33. Kxf2 Re7 34. Kf3 g6 35. Kf4 Kg7 36. e4 f6 37. Rd4 Kf7 38. b5 Ke6 39. a4 Rd7 40. Rc4 Kd6 41. a5 Rc7 42. Rd4+ Ke6 43. b6 axb6 44. axb6 Rc5 45. Rb4 Kd6 46. Rd4+ Kc6 47. Rb4 Rb5 48. Rxb5 Kxb5 49. e5 fxe5+ 50. Kxe5 g5 51. h5 Kxb6 52. Kf6 Kc5 53. Kg6 g4 54. Kxh6 g3 55. Kg7 g2 56. h6 g1Q+ 57. Kh8 Qg6 58. h7 Qxh7+ 0-1